Słynni Lwowiacy - Statystyki

Ogólne statystyki
  • Ten quiz został rozwiązany 18 razy
  • Średni wynik to 6 z 12
Statystyki odpowiedzi
Obrazkowy Hint Odpowiedź % Poprawnych
Pisarz science fiction. Wizjoner, który w swoich książkach przewidział wiele późniejszych wynalazków jak tablety czy Internet. Stanisław Lem
100%
Kompozytor, działacz niepodległościowy. Pod jego bezpośrednim wpływem prezydent Woodrow Wilson wymusił umieszczenie w traktacie wersalskim zapisu o utworzeniu niepodległego państwa polskiego. Ignacy Jan Paderewski
80%
Pisarz, eseista i tłumacz literatury, autor książki "Mitologia: Wierzenia i podania Greków i Rzymian". Jan Parandowski
73%
„Trener Tysiąclecia”. Z piłkarską reprezentacją Polski zdobył dwa medale olimpijskie oraz jeden medal mistrzostw świata. Kazimierz Górski
67%
Prozaik. Autor "Sklepów cynamonowych" i "Sanatorium pod Klepsydrą". Bruno Schulz
60%
Prozaik. Autor "Szatana z siódmej klasy" i "Przygód Koziołka Matołka". Kornel Makuszyński
60%
Pianista, kompozytor. Stworzył muzykę do "Pianisty", "Drakuli" oraz "Ziemi Obiecanej”. Wojciech Kilar
40%
Jeden z najwybitniejszych polskich aktorów, znany z ról Moryca Welta, Janusza Korczaka i Maximiliena de Robespierre'a. Wojciech Pszoniak
40%
Poeta, tłumacz i eseista. Kojarzony głównie jako przedstawiciel współczesnego klasycyzmu; prekursor poezji codzienności. „O szyby deszcz dzwoni, deszcz dzwoni jesienny…” Leopold Staff
33%
Poeta, satyryk. Autor tomów aforyzmów "Myśli nieuczesane". Stanisław Jerzy Lec
27%
Lekarz, profesor medycyny, inicjator telefonu zaufania, rektor Uniwersytetu Marii Curie-Skłodowskiej w Lublinie i pierwszy rektor Akademii Medycznej w Białymstoku. Tadeusz Kielanowski
13%
Artysta plastyk, jeden z czołowych polskich scenografów współpracujących z teatrami lalek. Adam Kilian
7%
Nie znaleziono quizów pasujących do podanych kryteriów
Rozkład punktacji
Procent ludzi z każdym wynikiem
Percentyl według liczby udzielonych odpowiedzi
Twoja historia wyników
Nie rozwiązałeś tego quizu